[Event "World Chess Olympiad 2018"]
[Site "Batumi"]
[Date "2018.10.05"]
[Round "11"]
[Board "2"]
[WhiteFideId "3702308"]
[White "Vazquez Guillermo"]
[BlackFideId "1204297"]
[Black "Parligras Mircea-Emilian"]
[Result "1/2-1/2"]
[LiveChessVersion "1.4.8"]
[BlackElo "2623"]
[WhiteElo "2468"]

1. e4 {[%clk 1:30:55]} c5 {[%clk 1:30:47]} 2. Nf3 {[%clk 1:31:10]} e6
{[%clk 1:31:11]} 3. Nc3 {[%clk 1:31:11]} Nc6 {[%clk 1:31:07]} 4. d4
{[%clk 1:30:10]} cxd4 {[%clk 1:31:31]} 5. Nxd4 {[%clk 1:30:35]} a6
{[%clk 1:31:47]} 6. g3 {[%clk 1:27:49]} Nxd4 {[%clk 1:31:27]} 7. Qxd4
{[%clk 1:28:14]} Ne7 {[%clk 1:31:50]} 8. Bf4 {[%clk 1:21:13]} b5 {[%clk 1:30:41]}
9. Bg2 {[%clk 1:14:40]} Bb7 {[%clk 1:30:57]} 10. O-O {[%clk 1:14:33]} f6
{[%clk 1:25:47]} 11. Qd2 {[%clk 1:08:04]} Ng6 {[%clk 1:25:27]} 12. Bd6
{[%clk 1:04:58]} Bxd6 {[%clk 1:24:07]} 13. Qxd6 {[%clk 1:05:24]} Qe7
{[%clk 1:07:29]} 14. Qc7 {[%clk 1:00:26]} d6 {[%clk 1:06:58]} 15. Qb6
{[%clk 0:59:51]} Ne5 {[%clk 1:02:05]} 16. Rab1 {[%clk 0:50:56]} Rc8
{[%clk 0:59:34]} 17. Rfd1 {[%clk 0:48:40]} Nc4 {[%clk 0:56:24]} 18. Qd4
{[%clk 0:49:03]} Qc7 {[%clk 0:51:22]} 19. a4 {[%clk 0:42:57]} b4 {[%clk 0:51:22]}
20. Na2 {[%clk 0:43:09]} a5 {[%clk 0:26:47]} 21. b3 {[%clk 0:39:56]} Ne5
{[%clk 0:26:44]} 22. Rbc1 {[%clk 0:39:55]} Qc5 {[%clk 0:20:56]} 23. Qd2
{[%clk 0:34:04]} Ke7 {[%clk 0:19:48]} 24. h3 {[%clk 0:29:12]} Rhd8
{[%clk 0:19:50]} 25. c3 {[%clk 0:25:43]} bxc3 {[%clk 0:20:11]} 26. Nxc3
{[%clk 0:25:49]} Qb6 {[%clk 0:18:36]} 27. Nb5 {[%clk 0:22:44]} Rxc1
{[%clk 0:18:41]} 28. Rxc1 {[%clk 0:22:49]} Ba6 {[%clk 0:16:21]} 29. Nd4
{[%clk 0:22:11]} Rc8 {[%clk 0:16:20]} 30. Rd1 {[%clk 0:19:14]} Qc5
{[%clk 0:15:35]} 31. Kh2 {[%clk 0:19:20]} Nd3 {[%clk 0:12:29]} 32. Qe3
{[%clk 0:19:33]} Nb4 {[%clk 0:12:46]} 33. Qf4 {[%clk 0:16:56]} Bd3
{[%clk 0:11:11]} 34. Qe3 {[%clk 0:16:01]} Qc3 {[%clk 0:10:39]} 35. h4
{[%clk 0:15:20]} Bc2 {[%clk 0:09:29]} 36. Nxc2 {[%clk 0:15:30]} Nxc2
{[%clk 0:09:41]} 37. Qa7+ {[%clk 0:12:36]} Qc7 {[%clk 0:09:34]} 38. Qa6
{[%clk 0:13:03]} Nb4 {[%clk 0:09:39]} 39. Qe2 {[%clk 0:13:28]} Qc5
{[%clk 0:08:32]} 40. Bh3 {[%clk 0:41:12]} h5 {[%clk 0:34:48]} 41. Kg1
{[%clk 0:37:40]} Qe5 {[%clk 0:32:18]} 42. Qe3 {[%clk 0:37:45]} Rc5
{[%clk 0:31:59]} 43. Bf1 {[%clk 0:32:55]} Qc3 {[%clk 0:26:09]} 44. Qxc3
{[%clk 0:31:42]} Rxc3 {[%clk 0:26:34]} 45. Bc4 {[%clk 0:32:06]} Nc6
{[%clk 0:25:16]} 46. Kg2 {[%clk 0:26:44]} Ne5 {[%clk 0:25:02]} 47. Be2
{[%clk 0:26:55]} Rxb3 {[%clk 0:23:41]} 48. Bxh5 {[%clk 0:26:21]} Rb4
{[%clk 0:23:26]} 49. Rc1 {[%clk 0:25:40]} Kd7 {[%clk 0:19:10]} 50. Be2
{[%clk 0:23:30]} Rxe4 {[%clk 0:19:27]} 51. Bb5+ {[%clk 0:23:54]} Kd8
{[%clk 0:19:54]} 52. f4 {[%clk 0:23:50]} Ng4 {[%clk 0:19:03]} 53. Rc6
{[%clk 0:23:38]} Rd4 {[%clk 0:17:29]} 54. Ra6 {[%clk 0:23:12]} Rd2+
{[%clk 0:16:57]} 55. Kg1 {[%clk 0:21:50]} e5 {[%clk 0:15:15]} 56. Ra7
{[%clk 0:20:25]} g6 {[%clk 0:12:23]} 57. Rd7+ {[%clk 0:19:57]} Kc8
{[%clk 0:12:50]} 58. Rg7 {[%clk 0:20:21]} f5 {[%clk 0:08:18]} 59. Rxg6
{[%clk 0:20:33]} e4 {[%clk 0:07:52]} 60. h5 {[%clk 0:20:08]} Nh2 {[%clk 0:06:12]}
61. h6 {[%clk 0:18:43]} Kc7 {[%clk 0:04:24]} 62. h7 {[%clk 0:17:44]} Nf3+
{[%clk 0:04:50]} 63. Kf1 {[%clk 0:18:10]} Nh2+ {[%clk 0:05:16]} 64. Kg1
{[%clk 0:18:26]} Nf3+ {[%clk 0:05:43]} 65. Kf1 {[%clk 0:18:55]} Nh2+
{[%clk 0:03:25]} 1/2-1/2

[Event "World Chess Olympiad 2018"]
[Site "Batumi"]
[Date "2018.10.05"]
[Round "11"]
[Board "3"]
[WhiteFideId "1226380"]
[White "Deac Bogdan-Daniel"]
[BlackFideId "2209381"]
[Black "Franco Ocampos Zenon"]
[Result "1-0"]
[LiveChessVersion "1.4.8"]
[BlackElo "2486"]
[WhiteElo "2594"]

1. d4 {[%clk 1:30:58]} d5 {[%clk 1:30:36]} 2. c4 {[%clk 1:31:25]} c6
{[%clk 1:31:01]} 3. Nf3 {[%clk 1:31:51]} Nf6 {[%clk 1:31:26]} 4. Nc3
{[%clk 1:32:19]} dxc4 {[%clk 1:31:44]} 5. a4 {[%clk 1:32:48]} e6 {[%clk 1:29:42]}
6. e3 {[%clk 1:33:15]} c5 {[%clk 1:29:54]} 7. Bxc4 {[%clk 1:33:43]} Nc6
{[%clk 1:30:00]} 8. O-O {[%clk 1:34:09]} Be7 {[%clk 1:30:11]} 9. Qe2
{[%clk 1:34:34]} O-O {[%clk 1:29:42]} 10. Rd1 {[%clk 1:35:01]} cxd4
{[%clk 1:25:20]} 11. exd4 {[%clk 1:35:29]} Nb4 {[%clk 1:25:32]} 12. Bg5
{[%clk 1:34:34]} Bd7 {[%clk 1:24:04]} 13. Ne5 {[%clk 1:30:42]} Rc8
{[%clk 1:21:56]} 14. Re1 {[%clk 1:18:32]} a6 {[%clk 1:14:54]} 15. Bb3
{[%clk 1:16:27]} Rc7 {[%clk 1:13:26]} 16. Bf4 {[%clk 1:03:09]} Bc8
{[%clk 1:03:54]} 17. Rad1 {[%clk 0:39:19]} Re8 {[%clk 0:55:28]} 18. Qf3
{[%clk 0:34:02]} Nbd5 {[%clk 0:43:21]} 19. Bg5 {[%clk 0:32:30]} Rf8
{[%clk 0:42:25]} 20. Bxf6 {[%clk 0:23:17]} Nxf6 {[%clk 0:36:21]} 21. d5
{[%clk 0:23:11]} Bd6 {[%clk 0:33:37]} 22. dxe6 {[%clk 0:19:58]} Bxe6
{[%clk 0:33:22]} 23. Bxe6 {[%clk 0:19:58]} fxe6 {[%clk 0:33:49]} 24. Qd3
{[%clk 0:17:42]} Be7 {[%clk 0:31:51]} 25. Qe2 {[%clk 0:18:03]} Qc8
{[%clk 0:31:13]} 26. Nd3 {[%clk 0:18:26]} Rc6 {[%clk 0:31:13]} 27. g3
{[%clk 0:17:43]} Re8 {[%clk 0:30:17]} 28. Qf3 {[%clk 0:13:52]} Bf8
{[%clk 0:29:58]} 29. Re2 {[%clk 0:13:50]} Rc4 {[%clk 0:28:48]} 30. Ne5
{[%clk 0:08:57]} Rc7 {[%clk 0:27:40]} 31. Ne4 {[%clk 0:07:45]} Rc1
{[%clk 0:23:26]} 32. Rxc1 {[%clk 0:06:34]} Qxc1+ {[%clk 0:23:52]} 33. Kg2
{[%clk 0:07:02]} Be7 {[%clk 0:24:15]} 34. Nxf6+ {[%clk 0:06:51]} Bxf6
{[%clk 0:23:03]} 35. Qxb7 {[%clk 0:07:13]} Qc8 {[%clk 0:21:57]} 36. Qb6
{[%clk 0:04:46]} Qa8+ {[%clk 0:20:53]} 37. Qc6 {[%clk 0:02:36]} Qxc6+
{[%clk 0:18:32]} 38. Nxc6 {[%clk 0:03:04]} Rc8 {[%clk 0:17:56]} 39. Rc2
{[%clk 0:00:52]} Kf8 {[%clk 0:18:21]} 40. b3 {[%clk 0:30:36]} Ke8
{[%clk 0:44:04]} 41. Nb4 {[%clk 0:30:41]} Rb8 {[%clk 0:42:57]} 42. Nxa6
{[%clk 0:23:48]} Rxb3 {[%clk 0:43:21]} 43. Rc6 {[%clk 0:24:10]} e5
{[%clk 0:41:22]} 44. Nc5 {[%clk 0:19:03]} Ra3 {[%clk 0:41:48]} 45. Ra6
{[%clk 0:18:11]} Kd8 {[%clk 0:38:26]} 46. Ra7 {[%clk 0:17:42]} e4
{[%clk 0:35:24]} 47. Nxe4 {[%clk 0:15:12]} Bd4 {[%clk 0:35:50]} 48. Ra6
{[%clk 0:15:27]} Kc7 {[%clk 0:35:42]} 49. a5 {[%clk 0:13:15]} Ra2
{[%clk 0:31:51]} 50. h4 {[%clk 0:12:49]} h6 {[%clk 0:32:11]} 51. h5
{[%clk 0:12:05]} Ra4 {[%clk 0:30:45]} 52. f3 {[%clk 0:11:48]} Kb7
{[%clk 0:30:10]} 53. Rd6 {[%clk 0:12:10]} Ka7 {[%clk 0:30:27]} 54. Kh3
{[%clk 0:11:27]} Kb7 {[%clk 0:28:59]} 55. Kg4 {[%clk 0:11:20]} Kc7
{[%clk 0:29:22]} 56. a6 {[%clk 0:10:52]} Be5 {[%clk 0:28:05]} 57. Re6
{[%clk 0:09:34]} Ra5 {[%clk 0:27:36]} 58. f4 {[%clk 0:09:23]} Bb2
{[%clk 0:27:27]} 59. Nd6 {[%clk 0:06:05]} Bf6 {[%clk 0:26:25]} 60. Nf5
{[%clk 0:05:44]} Kd7 {[%clk 0:25:54]} 61. Rb6 {[%clk 0:06:02]} Ke8
{[%clk 0:26:12]} 62. Rb8+ {[%clk 0:04:00]} Kf7 {[%clk 0:26:27]} 63. Rb7+
{[%clk 0:04:16]} Kg8 {[%clk 0:26:35]} 64. a7 {[%clk 0:02:50]} 1-0

[Event "World Chess Olympiad 2018"]
[Site "Batumi"]
[Date "2018.10.05"]
[Round "11"]
[Board "4"]
[WhiteFideId "3701166"]
[White "Almiron Antonio"]
[BlackFideId "1203975"]
[Black "Vajda Levente"]
[Result "0-1"]
[LiveChessVersion "1.4.8"]
[BlackElo "2551"]
[WhiteElo "2358"]

1. e4 {[%clk 1:30:55]} e5 {[%clk 1:30:47]} 2. Nf3 {[%clk 1:31:19]} Nc6
{[%clk 1:31:13]} 3. Bb5 {[%clk 1:31:43]} a6 {[%clk 1:31:39]} 4. Bxc6
{[%clk 1:32:08]} dxc6 {[%clk 1:32:05]} 5. O-O {[%clk 1:32:31]} Qd6
{[%clk 1:29:50]} 6. Na3 {[%clk 1:21:07]} b5 {[%clk 1:29:01]} 7. d4
{[%clk 1:17:16]} exd4 {[%clk 1:29:09]} 8. Nxd4 {[%clk 1:17:45]} c5
{[%clk 1:27:39]} 9. Nf5 {[%clk 1:13:20]} Qxd1 {[%clk 1:26:09]} 10. Rxd1
{[%clk 1:13:49]} Nf6 {[%clk 1:25:35]} 11. Bg5 {[%clk 1:12:39]} Bxf5
{[%clk 1:21:51]} 12. exf5 {[%clk 1:13:06]} Bd6 {[%clk 1:20:34]} 13. c4
{[%clk 1:12:40]} b4 {[%clk 1:20:10]} 14. Bxf6 {[%clk 1:10:00]} gxf6
{[%clk 1:20:26]} 15. Nc2 {[%clk 1:10:21]} O-O-O {[%clk 1:17:34]} 16. b3
{[%clk 1:05:28]} Be5 {[%clk 1:11:55]} 17. Rab1 {[%clk 1:05:40]} c6
{[%clk 1:08:05]} 18. Kf1 {[%clk 1:03:38]} Kc7 {[%clk 1:06:40]} 19. Rxd8
{[%clk 1:03:26]} Rxd8 {[%clk 1:07:03]} 20. Ke2 {[%clk 1:03:54]} a5
{[%clk 1:07:22]} 21. Rd1 {[%clk 1:03:06]} Re8 {[%clk 1:01:13]} 22. Rd3
{[%clk 0:45:33]} a4 {[%clk 1:01:17]} 23. Ne3 {[%clk 0:45:56]} axb3
{[%clk 0:55:17]} 24. axb3 {[%clk 0:46:23]} Bd4 {[%clk 0:55:37]} 25. Kf3
{[%clk 0:41:25]} Ra8 {[%clk 0:55:43]} 26. h4 {[%clk 0:41:42]} Ra2
{[%clk 0:55:14]} 27. Nd1 {[%clk 0:34:27]} Kd6 {[%clk 0:51:44]} 28. Ke4
{[%clk 0:34:56]} Ke7 {[%clk 0:47:00]} 29. g4 {[%clk 0:27:08]} Kf8
{[%clk 0:42:50]} 30. g5 {[%clk 0:27:09]} Kg7 {[%clk 0:40:27]} 31. Ne3
{[%clk 0:24:34]} fxg5 {[%clk 0:38:16]} 32. hxg5 {[%clk 0:25:03]} Rxf2
{[%clk 0:38:35]} 33. Ng4 {[%clk 0:25:17]} Rf1 {[%clk 0:36:47]} 34. Rf3
{[%clk 0:24:17]} Rg1 {[%clk 0:33:22]} 35. Kf4 {[%clk 0:22:50]} Bb2
{[%clk 0:33:31]} 36. Ne5 {[%clk 0:19:31]} Bc1+ {[%clk 0:33:38]} 37. Ke4
{[%clk 0:19:34]} Re1+ {[%clk 0:33:56]} 0-1

[Event "World Chess Olympiad 2018"]
[Site "Batumi"]
[Date "2018.10.05"]
[Round "11"]
[Board "1"]
[WhiteFideId "14603152"]
[White "Borisek Jure"]
[BlackFideId "3503321"]
[Black "Gonzalez Vidal Yuri"]
[Result "1/2-1/2"]
[LiveChessVersion "1.4.8"]
[BlackElo "2566"]
[WhiteElo "2578"]

1. e4 {[%clk 1:30:57]} e5 {[%clk 1:30:54]} 2. Nf3 {[%clk 1:31:18]} Nc6
{[%clk 1:31:18]} 3. Bb5 {[%clk 1:31:44]} a6 {[%clk 1:31:41]} 4. Ba4
{[%clk 1:32:11]} Nf6 {[%clk 1:32:04]} 5. O-O {[%clk 1:32:17]} Be7
{[%clk 1:32:18]} 6. Re1 {[%clk 1:32:37]} b5 {[%clk 1:32:31]} 7. Bb3
{[%clk 1:33:01]} d6 {[%clk 1:32:50]} 8. c3 {[%clk 1:33:07]} O-O {[%clk 1:33:08]}
9. h3 {[%clk 1:33:32]} Bb7 {[%clk 1:33:18]} 10. d4 {[%clk 1:33:31]} Re8
{[%clk 1:33:34]} 11. Nbd2 {[%clk 1:32:45]} Bf8 {[%clk 1:33:44]} 12. a3
{[%clk 1:32:31]} h6 {[%clk 1:33:57]} 13. Bc2 {[%clk 1:32:57]} Nb8
{[%clk 1:34:13]} 14. a4 {[%clk 1:15:56]} Nbd7 {[%clk 1:32:33]} 15. Bd3
{[%clk 1:13:34]} d5 {[%clk 1:31:43]} 16. exd5 {[%clk 1:05:34]} exd4
{[%clk 1:30:29]} 17. Rxe8 {[%clk 1:04:38]} Qxe8 {[%clk 1:30:47]} 18. cxd4
{[%clk 1:05:01]} bxa4 {[%clk 1:28:42]} 19. Qxa4 {[%clk 1:04:45]} Nxd5
{[%clk 1:23:03]} 20. Bf1 {[%clk 1:03:41]} c5 {[%clk 0:59:46]} 21. Nc4
{[%clk 0:50:10]} cxd4 {[%clk 0:55:10]} 22. Nxd4 {[%clk 0:45:47]} Nc5
{[%clk 0:44:14]} 23. Qxe8 {[%clk 0:43:16]} Rxe8 {[%clk 0:44:36]} 24. Na5
{[%clk 0:42:09]} Bc8 {[%clk 0:28:02]} 25. Bd2 {[%clk 0:41:48]} Ne4
{[%clk 0:26:44]} 26. Be1 {[%clk 0:39:11]} Nb4 {[%clk 0:21:46]} 27. Rc1
{[%clk 0:31:25]} Bd7 {[%clk 0:19:17]} 28. Nab3 {[%clk 0:31:16]} Rb8
{[%clk 0:11:07]} 29. f3 {[%clk 0:26:25]} Nf6 {[%clk 0:11:02]} 30. Nc5
{[%clk 0:26:33]} Be8 {[%clk 0:08:51]} 31. Nxa6 {[%clk 0:25:48]} 1/2-1/2

[Event "World Chess Olympiad 2018"]
[Site "Batumi"]
[Date "2018.10.05"]
[Round "11"]
[Board "2"]
[WhiteFideId "3507165"]
[White "Ortiz Suarez Isan Reynaldo"]
[BlackFideId "14602296"]
[Black "Sebenik Matej"]
[Result "0-1"]
[LiveChessVersion "1.4.8"]
[BlackElo "2570"]
[WhiteElo "2527"]

1. Nf3 {[%clk 1:30:56]} c5 {[%clk 1:30:49]} 2. c4 {[%clk 1:30:57]} g6
{[%clk 1:31:03]} 3. d4 {[%clk 1:27:51]} cxd4 {[%clk 1:31:24]} 4. Nxd4
{[%clk 1:28:17]} Bg7 {[%clk 1:31:32]} 5. Nc3 {[%clk 1:26:25]} Nc6
{[%clk 1:31:16]} 6. e3 {[%clk 1:26:51]} Nf6 {[%clk 1:31:00]} 7. g3
{[%clk 1:27:14]} Nxd4 {[%clk 1:24:38]} 8. Qxd4 {[%clk 1:26:11]} O-O
{[%clk 1:24:12]} 9. Bg2 {[%clk 1:26:14]} d6 {[%clk 1:24:34]} 10. O-O
{[%clk 1:23:20]} Be6 {[%clk 1:18:25]} 11. Qd3 {[%clk 1:19:39]} Rc8
{[%clk 1:16:17]} 12. Nd5 {[%clk 1:19:44]} Nxd5 {[%clk 0:57:12]} 13. cxd5
{[%clk 1:20:07]} Bd7 {[%clk 0:57:40]} 14. e4 {[%clk 1:09:56]} Qa5
{[%clk 0:48:54]} 15. Rd1 {[%clk 0:57:05]} Bb5 {[%clk 0:45:27]} 16. Qb3
{[%clk 0:53:59]} Be2 {[%clk 0:41:29]} 17. Be3 {[%clk 0:48:28]} Bxd1
{[%clk 0:41:39]} 18. Rxd1 {[%clk 0:48:57]} b5 {[%clk 0:35:56]} 19. Bf1
{[%clk 0:49:05]} a6 {[%clk 0:35:05]} 20. h4 {[%clk 0:39:50]} h5 {[%clk 0:33:52]}
21. Kg2 Bf6 {[%clk 0:27:38]} 22. Be2 {[%clk 0:30:59]} Qa4 {[%clk 0:25:30]} 23.
Qxa4 {[%clk 0:26:37]} bxa4 {[%clk 0:25:56]} 24. Bxa6 {[%clk 0:27:03]} Rc2
{[%clk 0:26:14]} 25. b3 {[%clk 0:24:37]} Rxa2 {[%clk 0:24:49]} 26. bxa4
{[%clk 0:25:02]} Rxa4 {[%clk 0:25:09]} 27. Bd3 {[%clk 0:25:29]} Rc8
{[%clk 0:24:29]} 28. Kf3 {[%clk 0:23:38]} Ra1 {[%clk 0:21:05]} 29. Rd2
{[%clk 0:23:15]} Rc3 {[%clk 0:20:18]} 30. Be2 {[%clk 0:19:11]} Ra4
{[%clk 0:18:15]} 31. Bd3 {[%clk 0:16:14]} Bd4 {[%clk 0:12:25]} 32. Bxd4
{[%clk 0:16:36]} Rxd4 {[%clk 0:12:52]} 33. Ke3 {[%clk 0:17:01]} Rb4
{[%clk 0:12:40]} 34. Ra2 {[%clk 0:14:52]} Rbb3 {[%clk 0:13:02]} 35. Rd2 Kg7
{[%clk 0:13:21]} 36. Kd4 {[%clk 0:15:01]} Rc1 {[%clk 0:13:44]} 37. Ke3
{[%clk 0:11:23]} Re1+ {[%clk 0:12:57]} 38. Kf3 {[%clk 0:11:48]} Ra3
{[%clk 0:12:02]} 39. Kg2 {[%clk 0:11:40]} Kf6 {[%clk 0:12:01]} 40. f3
{[%clk 0:39:06]} Rea1 {[%clk 0:42:04]} 41. Bc4 {[%clk 0:37:14]} Ra4
{[%clk 0:39:54]} 42. Rc2 {[%clk 0:36:55]} Ke5 {[%clk 0:38:42]} 43. Kf2
{[%clk 0:37:09]} Kd4 {[%clk 0:38:00]} 44. Be2 {[%clk 0:36:35]} R1a2
{[%clk 0:36:17]} 45. Rc7 {[%clk 0:25:29]} Rb2 {[%clk 0:32:31]} 46. f4
{[%clk 0:25:48]} Kxe4 {[%clk 0:32:43]} 47. Rxe7+ {[%clk 0:25:31]} Kxd5
{[%clk 0:33:04]} 48. Kf1 {[%clk 0:23:32]} Ra1+ {[%clk 0:33:23]} 49. Kf2
{[%clk 0:23:58]} Raa2 {[%clk 0:33:47]} 50. Kf3 {[%clk 0:24:10]} Rxe2
{[%clk 0:33:59]} 0-1

[Event "World Chess Olympiad 2018"]
[Site "Batumi"]
[Date "2018.10.05"]
[Round "11"]
[Board "3"]
[WhiteFideId "14604299"]
[White "Skoberne Jure"]
[BlackFideId "3503313"]
[Black "Almeida Quintana Omar"]
[Result "1/2-1/2"]
[LiveChessVersion "1.4.8"]
[BlackElo "2540"]
[WhiteElo "2565"]

1. d4 {[%clk 1:30:57]} d6 {[%clk 1:30:51]} 2. Nf3 {[%clk 1:31:00]} g6
{[%clk 1:31:15]} 3. g3 {[%clk 1:31:12]} Nf6 {[%clk 1:31:32]} 4. Bg2
{[%clk 1:31:23]} Bg7 {[%clk 1:31:56]} 5. c4 {[%clk 1:31:48]} O-O {[%clk 1:32:22]}
6. Nc3 {[%clk 1:32:13]} c6 {[%clk 1:32:43]} 7. O-O {[%clk 1:32:36]} Bf5
{[%clk 1:32:27]} 8. b3 {[%clk 1:27:26]} Ne4 {[%clk 1:32:09]} 9. Bb2
{[%clk 1:27:48]} Nxc3 {[%clk 1:32:21]} 10. Bxc3 {[%clk 1:28:12]} Be4
{[%clk 1:32:48]} 11. Qd2 {[%clk 1:23:10]} Nd7 {[%clk 1:32:17]} 12. Rac1
{[%clk 1:20:43]} a5 {[%clk 1:23:05]} 13. Qe3 {[%clk 1:15:42]} d5 {[%clk 1:16:17]}
14. Rfd1 {[%clk 1:09:08]} e6 {[%clk 1:14:37]} 15. Bf1 {[%clk 1:06:39]} Bxf3
{[%clk 1:13:21]} 16. Qxf3 {[%clk 1:04:18]} f5 {[%clk 1:12:37]} 17. b4
{[%clk 1:04:21]} axb4 {[%clk 1:04:15]} 18. Bxb4 {[%clk 1:04:45]} Rf7
{[%clk 1:04:14]} 19. Qb3 {[%clk 1:04:02]} Nb6 {[%clk 0:57:03]} 20. e3
{[%clk 0:55:55]} dxc4 {[%clk 0:55:12]} 21. Bxc4 {[%clk 0:56:15]} Nxc4
{[%clk 0:55:31]} 22. Rxc4 {[%clk 0:56:36]} Qd5 {[%clk 0:55:53]} 23. Bc5
{[%clk 0:54:25]} g5 {[%clk 0:49:27]} 24. Rc2 {[%clk 0:34:41]} h5 {[%clk 0:37:11]}
25. Re1 {[%clk 0:25:24]} g4 {[%clk 0:33:59]} 26. h4 {[%clk 0:18:37]} Ra5
{[%clk 0:21:42]} 27. Qb6 {[%clk 0:15:55]} Ra6 {[%clk 0:17:45]} 28. Qb1
{[%clk 0:15:57]} Ra5 {[%clk 0:13:40]} 29. Bb4 {[%clk 0:14:48]} Ra6
{[%clk 0:13:11]} 30. a3 {[%clk 0:14:06]} Qe4 {[%clk 0:13:02]} 31. Rb2
{[%clk 0:11:41]} Rd7 {[%clk 0:11:36]} 32. Bc5 {[%clk 0:10:31]} Qxb1
{[%clk 0:11:37]} 33. Rexb1 {[%clk 0:10:50]} b5 {[%clk 0:12:02]} 34. Rc2
{[%clk 0:04:45]} Bf8 {[%clk 0:09:48]} 35. Re1 {[%clk 0:00:34]} Bxc5
{[%clk 0:07:58]} 36. Rxc5 {[%clk 0:01:00]} Rd5 {[%clk 0:08:23]} 37. Rc3
{[%clk 0:00:39]} Kf7 {[%clk 0:08:25]} 38. e4 {[%clk 0:00:33]} Rxd4
{[%clk 0:08:17]} 39. exf5 {[%clk 0:00:49]} exf5 {[%clk 0:08:38]} 40. Rc5
{[%clk 0:30:39]} Rd5 {[%clk 0:36:24]} 41. Rxd5 {[%clk 0:26:10]} cxd5
{[%clk 0:36:22]} 42. Re5 {[%clk 0:26:35]} Rxa3 {[%clk 0:35:23]} 1/2-1/2

[Event "World Chess Olympiad 2018"]
[Site "Batumi"]
[Date "2018.10.05"]
[Round "11"]
[Board "4"]
[WhiteFideId "3509362"]
[White "Quesada Perez Yasser"]
[BlackFideId "14608502"]
[Black "Markoja Boris"]
[Result "1/2-1/2"]
[LiveChessVersion "1.4.8"]
[BlackElo "2456"]
[WhiteElo "2523"]

1. e4 {[%clk 1:30:52]} e6 {[%clk 1:30:54]} 2. Nc3 {[%clk 1:31:06]} d5
{[%clk 1:31:02]} 3. Nf3 {[%clk 1:31:29]} d4 {[%clk 1:30:31]} 4. Ne2
{[%clk 1:31:53]} c5 {[%clk 1:30:55]} 5. b4 {[%clk 1:32:19]} cxb4 {[%clk 1:19:56]}
6. Nexd4 {[%clk 1:31:20]} Nf6 {[%clk 1:14:03]} 7. e5 {[%clk 1:28:21]} Nfd7
{[%clk 1:12:53]} 8. Bb2 {[%clk 1:27:17]} Nc6 {[%clk 1:12:16]} 9. Bb5
{[%clk 0:57:35]} Nxd4 {[%clk 1:08:42]} 10. Nxd4 {[%clk 0:57:43]} Bc5
{[%clk 1:07:04]} 11. O-O {[%clk 0:51:41]} O-O {[%clk 1:04:16]} 12. Nb3
{[%clk 0:50:06]} Be7 {[%clk 1:03:12]} 13. d4 {[%clk 0:46:19]} Nb6
{[%clk 0:58:22]} 14. Qg4 {[%clk 0:46:03]} Bd7 {[%clk 0:41:55]} 15. Bd3
{[%clk 0:46:27]} Bc6 {[%clk 0:42:13]} 16. Rae1 {[%clk 0:45:44]} g6
{[%clk 0:38:13]} 17. Bc1 {[%clk 0:41:46]} Nd5 {[%clk 0:36:20]} 18. Bh6
{[%clk 0:41:28]} Re8 {[%clk 0:36:01]} 19. f4 {[%clk 0:40:55]} Bf8
{[%clk 0:32:01]} 20. Bxf8 {[%clk 0:38:46]} Rxf8 {[%clk 0:32:24]} 21. f5
{[%clk 0:29:36]} exf5 {[%clk 0:32:27]} 22. Bxf5 {[%clk 0:30:02]} Ne7
{[%clk 0:27:04]} 23. Bd3 {[%clk 0:29:59]} Bd5 {[%clk 0:27:10]} 24. Nc5
{[%clk 0:26:50]} Bc6 {[%clk 0:18:52]} 25. Rf6 {[%clk 0:22:37]} h5
{[%clk 0:12:52]} 26. Qh4 {[%clk 0:23:02]} Qd5 {[%clk 0:12:44]} 27. Rf2
{[%clk 0:22:54]} Qd8 {[%clk 0:12:36]} 28. Qg5 {[%clk 0:17:35]} b6
{[%clk 0:09:08]} 29. Ne4 {[%clk 0:17:29]} Bxe4 {[%clk 0:09:01]} 30. Bxe4
{[%clk 0:17:52]} Rc8 {[%clk 0:08:02]} 31. Bd3 {[%clk 0:06:28]} Rc7
{[%clk 0:07:08]} 32. Re4 {[%clk 0:06:09]} Rc6 {[%clk 0:04:18]} 33. Qh6
{[%clk 0:03:25]} Qd5 {[%clk 0:03:36]} 34. Ref4 {[%clk 0:03:40]} Qxa2
{[%clk 0:03:08]} 35. c4 {[%clk 0:02:22]} Qa1+ {[%clk 0:03:02]} 36. Rf1
{[%clk 0:02:50]} Qc3 {[%clk 0:03:26]} 37. d5 {[%clk 0:02:05]} Qxd3
{[%clk 0:03:32]} 38. dxc6 {[%clk 0:02:28]} Qe3+ {[%clk 0:03:47]} 39. Kh1
{[%clk 0:02:53]} Nxc6 {[%clk 0:03:22]} 40. e6 {[%clk 0:30:45]} Qxe6
{[%clk 0:32:43]} 41. Rf6 {[%clk 0:30:44]} Qe4 {[%clk 0:27:12]} 42. h3
{[%clk 0:30:09]} Nd4 {[%clk 0:24:46]} 43. R1f4 {[%clk 0:25:55]} Qd3
{[%clk 0:22:20]} 44. Rf2 {[%clk 0:18:31]} b3 {[%clk 0:18:39]} 45. Kh2
{[%clk 0:18:50]} Ne2 {[%clk 0:13:07]} 46. Rxe2 {[%clk 0:14:21]} Qxe2
{[%clk 0:13:32]} 47. Rxg6+ {[%clk 0:14:48]} fxg6 {[%clk 0:13:58]} 48. Qxg6+
{[%clk 0:15:14]} Kh8 {[%clk 0:14:24]} 1/2-1/2

[Event "World Chess Olympiad 2018"]
[Site "Batumi"]
[Date "2018.10.05"]
[Round "11"]
[Board "2"]
[WhiteFideId "3409350"]
[White "Henriquez Villagra Cristobal"]
[BlackFideId "13500139"]
[Black "Aleksandrov Aleksej"]
[Result "0-1"]
[LiveChessVersion "1.4.8"]
[BlackElo "2602"]
[WhiteElo "2519"]

1. e4 {[%clk 1:30:57]} e5 {[%clk 1:30:56]} 2. Nf3 {[%clk 1:31:22]} Nc6
{[%clk 1:31:23]} 3. Bc4 {[%clk 1:31:47]} Bc5 {[%clk 1:31:50]} 4. O-O
{[%clk 1:32:03]} Nf6 {[%clk 1:32:16]} 5. d3 {[%clk 1:32:29]} d6 {[%clk 1:32:06]}
6. c3 {[%clk 1:32:50]} O-O {[%clk 1:32:17]} 7. Bb3 {[%clk 1:25:44]} h6
{[%clk 1:28:50]} 8. Nbd2 {[%clk 1:25:23]} a5 {[%clk 1:29:05]} 9. h3
{[%clk 1:25:35]} Be6 {[%clk 1:21:59]} 10. Ba4 {[%clk 1:25:05]} Bb6
{[%clk 1:19:43]} 11. Bxc6 {[%clk 1:06:11]} bxc6 {[%clk 1:20:08]} 12. a4
{[%clk 1:06:28]} Nd7 {[%clk 1:10:23]} 13. d4 {[%clk 0:57:55]} exd4
{[%clk 1:01:22]} 14. Nxd4 {[%clk 0:41:18]} Bxd4 {[%clk 0:59:15]} 15. cxd4
{[%clk 0:41:46]} Qf6 {[%clk 0:59:40]} 16. Nf3 {[%clk 0:39:59]} Qg6
{[%clk 0:58:07]} 17. Re1 {[%clk 0:40:06]} Bxh3 {[%clk 0:52:31]} 18. Nh4
{[%clk 0:40:27]} Qg4 {[%clk 0:49:38]} 19. Ra3 {[%clk 0:39:11]} Qxd1
{[%clk 0:46:44]} 20. Rxd1 {[%clk 0:39:39]} Be6 {[%clk 0:43:51]} 21. Rg3
{[%clk 0:39:46]} Nf6 {[%clk 0:40:42]} 22. Bxh6 {[%clk 0:36:36]} Nh5
{[%clk 0:38:15]} 23. Rg5 {[%clk 0:36:37]} f6 {[%clk 0:38:34]} 24. Rg6
{[%clk 0:36:56]} Rfe8 {[%clk 0:30:31]} 25. Bc1 {[%clk 0:21:44]} Rab8
{[%clk 0:20:18]} 26. f3 {[%clk 0:14:52]} Rb4 {[%clk 0:18:12]} 27. Kf2
{[%clk 0:15:02]} Reb8 {[%clk 0:13:30]} 28. Nf5 {[%clk 0:09:40]} Kf7
{[%clk 0:08:35]} 29. Rg4 {[%clk 0:10:07]} g5 {[%clk 0:04:57]} 30. Rh1
{[%clk 0:07:50]} Ng7 {[%clk 0:03:40]} 31. Rh7 {[%clk 0:05:22]} Bxf5
{[%clk 0:04:01]} 32. exf5 {[%clk 0:05:50]} Kg8 {[%clk 0:03:16]} 33. Rh6
{[%clk 0:06:00]} Rf8 {[%clk 0:03:02]} 34. Rg6 {[%clk 0:04:04]} Kf7
{[%clk 0:03:05]} 35. Bxg5 {[%clk 0:02:00]} Rxb2+ {[%clk 0:03:26]} 36. Kg1
{[%clk 0:02:19]} fxg5 {[%clk 0:03:48]} 37. R4xg5 {[%clk 0:02:48]} Ne8
{[%clk 0:03:56]} 38. Rh5 {[%clk 0:03:15]} Rg8 {[%clk 0:03:11]} 39. Rh7+
{[%clk 0:03:08]} Rg7 {[%clk 0:03:34]} 40. Rgxg7+ {[%clk 0:32:08]} Nxg7
{[%clk 0:33:59]} 41. g4 {[%clk 0:32:36]} Ra2 {[%clk 0:33:12]} 42. Rh8
{[%clk 0:31:53]} Rxa4 {[%clk 0:33:29]} 0-1